00710nam a2200169 i 4500001000700000003000900007005001700016008004100033080002000074100003800094245010700132260007400239300003400313530003500347852006900382856008900451166849ES-MaACL20251011063150.0931025s1892 sp |||| | spa d a821.134.2-4"18"1 aValbuena, Antonio de, d1844-192910aAgridulces políticos y literarios b: Primera toma / cpor Antonio de Valbuena (Miguel de Escalada). aMadrid : bLa España Editorial, c1892 (fen la Imp. de J. Cruzado) a2 v. (251, 253 p.) ; c17 cm. aDisponible en formato digital. aES-MaACLjF-10845-46 z-- Enc. hol. conservando la cub. original uhttp://bdh-rd.bne.es/viewer.vm?id=0000013288&page=1 zBiblioteca Digital Hispánica